Celebrities with hats - Statistics

General Stats
  • This quiz has been taken 33 times
  • The average score is 9 of 16
Answer Stats
Picture Answer % Correct
Brad Pitt
91%
Johnny Depp
91%
Lady Gaga
84%
Harry Styles
78%
Leonardo DiCaprio
75%
Harrison Ford
72%
Pharrell Williams
72%
Will.i.am
63%
Zendaya
63%
Beyoncé
56%
Boy George
56%
Nick Cannon
31%
Tom Cruise
28%
Mark Rutte
9%
Ludwig van Beethoven
6%
Snoop Dogg
3%
No matching quizzes found
Score Distribution
Percent of People with Each Score
Percentile by Number Answered
Your Score History
You have not taken this quiz